[Event "SUI-ch U10"]
[Site "Cham"]
[Date "2014.07.03"]
[Round "1"]
[White "Schlegel, Igor"]
[Black "Kwiatkowski, Antoni"]
[Result "1-0"]
[WhiteElo "1637"]
[BlackElo "1436"]
[PlyCount "27"]
[EventDate "2014.07.03"]
[EventType "tourn"]
[EventRounds "7"]
[EventCountry "SUI"]
[SourceTitle "CBM 161 Extra"]
[Source "ChessBase"]
[SourceDate "2014.08.29"]
[SourceVersion "1"]
[SourceVersionDate "2014.08.29"]
[SourceQuality "1"]

1. e4 c5 2. Nc3 Nc6 3. f4 d6 4. Nf3 Bg4 5. Bc4 e5 6. 0-0 Nd4 7. Nxe5 dxe5 8. Qxg4 Nxc2 9. Bb5+ Ke7 10. Nd5+ Kd6 11. fxe5+ Kxe5 12. d4+ Nxd4 13. Bf4+ Kxe4 14. Nc3# 1-0